Записка наркома внутренних дел СССР Л. П. Берии в ЦК ВКП(б) - И. В. Сталину о начале выдворения из СССР германских граждан, осуж...

RUSMARC
00004838cbm0a2200337#x 450
001005b8552-6d3e-4a6b-9aef-c0fccd724aa0
00520210331155419.0
100##$a20210329j19400409k###0rusy50 ca
1010#$arus
102##$aRU
105##$ay###z########
1220#$ad19400409##
2001#$aЗаписка наркома внутренних дел СССР Л. П. Берии в ЦК ВКП(б) - И. В. Сталину о начале выдворения из СССР германских граждан, осужденных и находящихся в местах заключения
$j9 апреля 1940 г.
251##$cДокумент
300##$aПодлинник
300##$aОпубликовано: "Вестник архива Президента Российской Федерации. СССР - Германия. 1932-1941". Москва, 2019. С. 405-406
461#0$12001
$aФ. 3
$1251
$cФонд
$1852
$j3
462#0$12001
$aОп. 64
$1251
$cОпись
$1852
$j64
462#0$12001
$aД. 678
$vЛ. 85-87
$1251
$cДело
$1852
$j678
605##$2prlib_sh
$3LIBNET\UAF\0000088514
$aВторая мировая война в архивных документах (Комплекс оцифрованных архивных документов, кино- и фотоматериалов)
$lколлекция
6061#$2prlib_sh
$3LIBNET\UAF\0000094251
$aНемцы
$xДепортация
$yСССР
$z1940
$jДокументы и материалы
617##$aСССР
$f1940
$2prlib_sh
617##$aГермания
$f1940
$2prlib_sh
686##$a63.3(4Гем)62-6ю11
$vLBC/M
$2rubbk
686##$a63.3(2)621-6ю11
$vLBC/M
$2rubbk
801#0$aRU
$bПБ им. Б.Н. Ельцина
$c20210329
801#1$aRU
$bПБ им. Б.Н. Ельцина
$c20210329
$2rusmarc
801#2$aRU
$bПБ им. Б.Н. Ельцина
$c20210331
$2rusmarc
850##$aРоссийский государственный архив новейшей истории
852##$aРГАНИ
$jЛ. 85-87
8564#$nПБ им. Б.Н. Ельцина
$uhttp://readingroom.main.prlib.ru/item.aspx?id_node=n160153050&mode=full
035##$aLIBNET\0001140880
937##$d160153050
$hФедеральное архивное агентство
Формат отображения